000 00333nam a22001337a 4500
008 190226b xxu||||| |||| 00| 0 eng d
020 _a9780131475403
041 _aeng
080 _25th
_a910
100 _a42
101 _aGJEO
245 _aGeosystems an introduction to physical Geography
_cChristopherson,R.W
942 _2udc
_cBK
999 _c54276
_d54276